000 00417nam a2200169Ia 4500
005 20250423100954.0
008 250422s9999 xx 000 0 und d
020 _a2159-399X
100 _aFaiza Khoja, U.
245 0 _aSouthwest Review of International Business Research: Vol. 22, No 1.
260 _aUSA
260 _bwww.aibsw.org
260 _c2011
300 _a315 p
650 _aEducation
942 _cBK
999 _c34905
_d34905